Pedagogía de lo humano: la magia de la educación
Shranjeno v:
| Glavni avtor: | |
|---|---|
| Format: | Knjiga |
| Jezik: | španščina |
| Izdano: |
Santiago
RIL
2007
|
| Serija: | Ensayos y Estudios
|
| Teme: | |
| Oznake: |
Označite
Brez oznak, prvi označite!
|
MARC
| LEADER | 00000nam a2200000 a 4500 | ||
|---|---|---|---|
| 001 | UCI7724 | ||
| 003 | CL-VaPUC | ||
| 008 | 080718e20070000CL |||||||||||||||||spa|d | ||
| 020 | |a 9789562845786 | ||
| 082 | 0 | 4 | |a 370.1 |b SMI |2 21 |
| 100 | 0 | |a Smith Saravia, Carlos |e author |9 531015 | |
| 245 | 1 | 0 | |a Pedagogía de lo humano: la magia de la educación |
| 300 | |a 181 p | ||
| 942 | |c BK | ||
| 945 | |d 20080718 00:00:00 |a jtorresc | ||
| 260 | |a Santiago |b RIL |c 2007 | ||
| 650 | 0 | |a Filosofía de la educación |9 258384 | |
| 650 | 0 | |a Sociología de la educación |9 260380 | |
| 650 | 0 | |a Aspectos sociales |9 254894 | |
| 583 | |a last modification |c 20080718 00:00:00 |k Rodrigo Vera | ||
| 490 | 0 | |a Ensayos y Estudios | |
| 999 | |c 330906 |d 330904 | ||
| 952 | |0 0 |1 0 |4 0 |6 370_100000000000000_SMI_2007 |7 0 |8 A |9 416831 |a BIBEDU |b BIBEDU |d 2019-11-22 |i 445961K |o 370.1 SMI 2007 |p 445961K |r 2019-11-22 |w 2019-11-22 |y BK |k EBA | ||
| 952 | |0 0 |1 0 |4 0 |6 370_100000000000000_SMI_2007 |7 0 |8 A |9 416832 |a BIBEDU |b BIBEDU |d 2019-11-22 |i 4505883 |o 370.1 SMI 2007 |p 4505883 |r 2019-11-22 |w 2019-11-22 |y BK |k EBA | ||